Barry Keoghan Filmography - Sudden Death - Statistics

General Stats
  • This quiz has been taken 6 times
  • The average score is 10 of 18
Answers on the Grid
Answers color-coded by a green-red scale on the quiz's grid according to % correct below.
Oppenheimer
The Menu
Thunderbolts*
Better Man
King Arthur: Legend of the Sword
Three Billboards Outside Ebbing, Missouri
Kinds of Kindness
Uncut Gems
Scream VI
1922
Wolf Man
The Descent
'71
American Animals
Bird
Black '47
Bring Them Down
Dunkirk
Eternals
Hurry Up Tomorrow
Light Thereafter
Mammal
Norfolk
Saltburn
Stalker
Stay
The Banshees of Inisherin
The Green Knight
The Killing of a Sacred Deer
Trespass Against Us
 
Answer Stats
Answer % Correct
Bird
100%
Eternals
100%
The Killing of a Sacred Deer
100%
Dunkirk
83%
Saltburn
83%
The Banshees of Inisherin
83%
'71
67%
American Animals
67%
Hurry Up Tomorrow
67%
Mammal
50%
The Green Knight
50%
Bring Them Down
33%
Stalker
33%
Black '47
17%
Norfolk
17%
Stay
17%
Light Thereafter
0%
Trespass Against Us
0%
No matching quizzes found
Score Distribution
Percent of People with Each Score
Percentile by Number Answered
Your Score History
You have not taken this quiz